000 01071 a2200277 4500
003 Nust
005 20170207154045.0
010 _a 2002042576
020 _a0335210589 (pbk.)
020 _a0335210597
040 _cNust
082 0 0 _a378.0841
100 _aDavid Warner and David Palfreyman.
245 0 0 _aManaging crisis (E-Book)
_cDavid Warner and David Palfreyman.
260 _aBuckingham [England] ;
_aPhiladelpha :
_bOpen University Press,
_c2003.
300 _ap. cm.
440 0 _aManaging universities and colleges
650 0 _aUniversities and colleges
_zGreat Britain
_xAdministration.
650 0 _aUniversities and colleges
_zGreat Britain
_xBusiness management.
651 _a(E-Book)
700 1 _aPalfreyman, David,
_d1954-
700 1 _aWarner, David,
_d1947-
856 4 2 _3Contributor biographical information
_uhttp://www.loc.gov/catdir/bios/mh051/2002042576.html
856 4 2 _3Publisher description
_uhttp://www.loc.gov/catdir/description/mh051/2002042576.html
856 4 2 _3Table of contents
_uhttp://www.loc.gov/catdir/toc/mh051/2002042576.html
942 _2ddc
_cBK
999 _c192824
_d192824